000 01167nam a2200217Ia 4500
003 Ost
005 20260507075024.0
008 260507s9999||||xx |||||||||||||| ||und||
040 _cfsecg
041 _aara
082 _a330
100 _aكراجة، عبد الحمليم محمود
_eمؤلف
245 0 _aمحاسبة الشركات /
_c عبد الحمليم محمود كراجة
260 _aعمان:
_bدار الأمل,
_c2000
300 _a266 صفحة؛
_bإيضاحات ؛
_c24 سم
490 _aسلسلة كتب المحاسبة
_v4
520 _aمدخل الى محاسبة الشركات- شركة التضامن العادية- الحسابات المتعلقة بالشركاء- التعديل في رأس المال- الجرد والحسابات الختامية والميزانية العمومية- فسخ الشركة العادية وتصفيتها - الشركات المساهمة- الحسابات الختامية والميزانية العمومية- الإحتياطات، المخصصات- التصفيةفي الشركات المساهمة
653 _aالشركات
653 _aالمحاسبة
942 _cكتاب
999 _c42314
_d42314